| 000 | 00890nam a22002417a 4500 | ||
|---|---|---|---|
| 003 | AM-YeHGA | ||
| 005 | 20250617154751.0 | ||
| 008 | 181225s1922 ru ||||| |||| 00| 0 rus d | ||
| 040 | _aAM-YeHGA | ||
| 041 | 0 | _arus | |
| 100 | 1 | _aГлебов, Игорь. | |
| 245 | 1 | 0 |
_aИнструментальное творчество Чайковского/ _cИгорь Глебов; Государственная филармония. |
| 260 |
_aПетербург : _bБ.и., _c1922. |
||
| 300 | _a69 с. | ||
| 500 | _a | ||
| 600 | 1 | 4 |
_aЧайковский, Петр Ильич _d1840-1893 |
| 653 | 0 | _aКомпозиторы русские -- 19 в. | |
| 653 | 0 | _aРусская музыкальная культура | |
| 653 | 0 | _aРусская музыка -19 в. | |
| 710 | 2 | _aГосударственная филармония. | |
| 942 |
_2udc _cBK |
||
| 090 | _c421669 | ||
| 999 |
_c419275 _d419275 |
||